00933nam a2200229 i 450000100060000000300090000600500170001500700030003200800410003508000160007624501350009226000630022730000220029049000590031250000890037165100430046070000420050370000270054571000390057283000590061185200330067013798ES-MaACL20231227062626.0t|980707s1960 sp ||||1| spa d a325.4(8=60)00aColonización española en América / cprólogo, Ramón Menéndez Pidal ; colaboraciones, Juan Manzano Manzano... (et al.). aMadrid : bAsociación Francisco de Vitoria, c1960-1961. a177 p. ; c25 cm.1 aAnuario de la Asociación Francisco de Vitoria ; v13 aEs el vol. XIII del Anuario de la Asociación Francisco de Vitoria, Madrid 1960-61. 4aAmérica española-xColonización.1 aMenéndez Pidal, Ramón,d1869-19681 aManzano Manzano, Juan.2 aAsociación Francisco de Vitoria.0 aAnuario de la Asociación Francisco de Vitoria ; v13 aES-MaACLjL-21206 bR.124832